000 00326nam a2200133Ia 4500
008 210210b1967 xxu||||| |||| 00| 0 eng d
082 _a301 KLAS
100 _aKLAUSNER (Samuel Z).
245 _aStudy of total societies.
260 _aNY
_bDoubleday & co.
_c1967
300 _axix,220
690 _aSociology
906 _a041049
999 _c91162
_d91162